Lovas múltban gyökerező metaforák a LÓ kulturális konceptualizációi a magyar kifejezésekben /

This study examines cultural conceptualizations related to the lexeme ló ‘horse’ using the conceptual metaphor theory of cognitive linguistics and the theoretical framework of Cultural Linguistics (Sharifian, 2011, 2017). The aim of the study is to explore metaphors and metonymies based on the lexem...

Teljes leírás

Elmentve itt :
Bibliográfiai részletek
Szerző: Baranyiné Kóczy Judit
Dokumentumtípus: Könyv része
Megjelent: SZTE Finnugor Nyelvtudományi Tanszék - Altajisztikai Tanszék Szeged 2024
Sorozat:Studia uralo-altaica 57
Értelem és érzelem : írások Sipocz Katalin tiszteletére 57
Kulcsszavak:Kognitív nyelvészet, Mitológia, Művelődéstörténet, Metafora, Szókapcsolatok
Tárgyszavak:
Online Access:http://acta.bibl.u-szeged.hu/88166
LEADER 02934naa a2200253 i 4500
001 acta88166
005 20250704101031.0
008 250704s2024 hu o 000 hun d
020 |a 978-963-688-012-5 
022 |a 2677-1268 
040 |a SZTE Egyetemi Kiadványok Repozitórium  |b hun 
041 |a hun 
041 |a eng 
100 2 |a Baranyiné Kóczy Judit 
245 1 0 |a Lovas múltban gyökerező metaforák  |h [elektronikus dokumentum] :  |b a LÓ kulturális konceptualizációi a magyar kifejezésekben /  |c  Baranyiné Kóczy Judit 
260 |a SZTE Finnugor Nyelvtudományi Tanszék - Altajisztikai Tanszék  |b Szeged  |c 2024 
300 |a 49-62 
490 0 |a Studia uralo-altaica  |v 57 
490 0 |a Értelem és érzelem : írások Sipocz Katalin tiszteletére  |v 57 
520 3 |a This study examines cultural conceptualizations related to the lexeme ló ‘horse’ using the conceptual metaphor theory of cognitive linguistics and the theoretical framework of Cultural Linguistics (Sharifian, 2011, 2017). The aim of the study is to explore metaphors and metonymies based on the lexeme ‘horse’ and to demonstrate their embedding in Hungarian cultural traditions. The data utilized in the analysis is derived from the Dictionary of the Hungarian Language and other phraseology collections. Occasionally, examples from the Hungarian National Text Corpus are used to provide context or clarification. The results indicate that the SIZE and STRENGTH of the HORSE are significant source domains in non-human (external) extensions, often used to denote the SIZE of plants and other animals. The concept of STRENGTH and SPEED associated with the horse traditionally originates from its important role in transportation. HORSEBACK RIDING signifies POWER and SUPERIORITY applied to interpersonal relationships, additionally, it is linked to describe MENTAL STATES or ACTIONS, namely, stubborn or habitual behaviour. HORSE and HORSE RIDING are also connected to the conceptualizations of OPPORTUNITY, PROFIT, and SUCCESS, and as a VALUABLE ANIMAL, the horse serves as an experiential basis for other VALUABLE THINGS. The conceptualization of HORSE AS A RANK appears in various contexts, such as the knightly title from the Middle Ages, which indicated a person’s commitment to religion, homeland, and the protection of women, also representing social status. Finally, the HORSE AS A MAGICAL ENTITY is linked to beliefs of SHAMANISM and WITCHCRAFT. Based on these observations, the cultural conceptualizations of HORSE are unequivocally positive, originating from the fact that it provided advantages and special abilities to its rider or owner in many areas of life in the past. 
650 4 |a Bölcsészettudományok 
650 4 |a Nyelvek és irodalom 
695 |a Kognitív nyelvészet, Mitológia, Művelődéstörténet, Metafora, Szókapcsolatok 
856 4 0 |u http://acta.bibl.u-szeged.hu/88166/1/altaica_057_049-062.pdf  |z Dokumentum-elérés